[Event "IECC KO-3088"]
[Site "IECC email"]
[Date "2014.01.11"]
[Round "?"]
[White "Hess, John"]
[Black "Martin, Dennis"]
[Result "0-1"]
[WhiteElo "1716"]
[BlackElo "1828"]
[PlyCount "74"]
[EventDate "2014.??.??"]
[EventType "match (corr)"]
[EventRounds "2"]
[SourceTitle "Corr 2020"]
[Source "ChessBase"]
[SourceDate "2019.09.30"]
[SourceVersion "1"]
[SourceVersionDate "2019.09.30"]
[SourceQuality "1"]
[WhiteTeam "South Africa"]
[BlackTeam "United States"]
[WhiteTeamCountry "RSA"]
[BlackTeamCountry "USA"]

1. Nf3 Nf6 2. b3 d5 3. g3 g6 4. Bb2 Bg7 5. Bg2 c5 6. d3 Nc6 7. 0-0 0-0 8. c4 d4 9. Nbd2 h6 10. a3 a5 11. Rb1 Re8 12. Qc2 Qd6 13. Bc1 Bg4 14. h3 Bh5 15. g4 Bxg4 16. hxg4 Nxg4 17. Ne4 Qc7 18. Bh3 Nge5 19. Nxe5 Nxe5 20. Kg2 e6 21. Rh1 f5 22. Ng3 h5 23. Kg1 Bf6 24. Bg2 h4 25. Nf1 g5 26. Qd2 Kf7 27. b4 cxb4 28. Bb2 g4 29. Rh2 Rh8 30. Qe1 Rag8 31. axb4 h3 32. Bc1 hxg2 33. Rxg2 a4 34. Ng3 Nf3+ 35. exf3 gxf3 36. Rh2 Rxh2 37. Kxh2 Be5 0-1

[Event "IECC O-3760"]
[Site "IECC email"]
[Date "2013.08.20"]
[Round "?"]
[White "Basson, Heinrich"]
[Black "Hess, John"]
[Result "0-1"]
[WhiteElo "1787"]
[BlackElo "1709"]
[PlyCount "110"]
[EventDate "2013.??.??"]
[EventType "swiss (corr)"]
[EventRounds "2"]
[SourceTitle "Telechess CBM 165"]
[Source "ChessBase"]
[SourceDate "2015.03.11"]
[SourceVersion "1"]
[SourceVersionDate "2015.03.11"]
[SourceQuality "1"]
[WhiteTeam "South Africa"]
[BlackTeam "South Africa"]
[WhiteTeamCountry "RSA"]
[BlackTeamCountry "RSA"]

1. d4 c5 2. d5 Nf6 3. c4 d6 4. Nc3 g6 5. Nf3 Bg7 6. e4 0-0 7. Be2 e6 8. 0-0 Re8 9. Qc2 Na6 10. a3 Nc7 11. Re1 exd5 12. cxd5 Qe7 13. Bf4 Bg4 14. Rad1 Bxf3 15. Bxf3 Nd7 16. Be2 a6 17. Qd3 Rad8 18. Qg3 Nf6 19. Bf3 h6 20. Qh3 g5 21. Bg3 Qd7 22. Qxd7 Rxd7 23. h3 h5 24. a4 Red8 25. h4 g4 26. Be2 Kh8 27. Bc4 b6 28. Kf1 Ng8 29. Bf4 Re8 30. Rb1 Bf6 31. Bd2 a5 32. Nb5 Ree7 33. Bc3 Nxb5 34. Bxb5 Rd8 35. Bd3 Bg7 36. f3 Nf6 37. Kf2 Rg8 38. Bc4 g3+ 39. Ke2 Nd7 40. Bb5 Ne5 41. Bd2 Ng6 42. Bg5 f6 43. Bd2 Kh7 44. Kf1 Bh6 45. Bc3 Kg7 46. Ra1 Nxh4 47. Ra3 Ng6 48. Rb3 Ra7 49. Bd3 Rb8 50. Rb5 h4 51. Bc2 Bg5 52. Re2 Nf4 53. Rd2 Rab7 54. Kg1 h3 55. gxh3 Rh8 0-1

[Event "IECC KO-3072"]
[Site "IECC email"]
[Date "2011.07.12"]
[Round "?"]
[White "Hess, John"]
[Black "Bandiera, Aurelio"]
[Result "1/2-1/2"]
[WhiteElo "1707"]
[BlackElo "1945"]
[PlyCount "70"]
[EventDate "2009.??.??"]
[EventType "tourn (corr)"]
[SourceTitle "Telechess CBM 149"]
[Source "ChessBase"]
[SourceDate "2012.07.17"]
[SourceVersion "1"]
[SourceVersionDate "2012.07.17"]
[SourceQuality "1"]
[WhiteTeam "South Africa"]
[BlackTeam "Italy"]
[WhiteTeamCountry "RSA"]
[BlackTeamCountry "ITA"]

1. Nf3 c5 2. g3 Nc6 3. Bg2 g6 4. 0-0 Bg7 5. c4 e6 6. Nc3 Nge7 7. b3 d5 8. Bb2 d4 9. Na4 b6 10. e3 Rb8 11. exd4 Nxd4 12. Nxd4 Bxd4 13. Qc2 0-0 14. Nc3 Bb7 15. Rae1 Bxg2 16. Kxg2 Nc6 17. Qb1 Qd7 18. Re2 f5 19. Rfe1 Rfe8 20. Nb5 Bxb2 21. Qxb2 a6 22. Nc3 Nd4 23. Re3 Qc6+ 24. f3 g5 25. Ne2 Nxf3 26. Rxf3 g4 27. Ng1 gxf3+ 28. Nxf3 Rbd8 29. Qf6 Qd7 30. a3 Qe7 31. Qc3 Rd6 32. b4 Red8 33. Qe3 a5 34. bxa5 bxa5 35. Qf4 a4 1/2-1/2

[Event "IECC KO-3072"]
[Site "IECC email"]
[Date "2011.01.05"]
[Round "?"]
[White "Hess, John"]
[Black "Urbonas, Mike"]
[Result "1-0"]
[WhiteElo "1678"]
[BlackElo "1660"]
[PlyCount "55"]
[EventDate "2009.??.??"]
[EventType "tourn (corr)"]
[SourceTitle "Telechess CBM 145"]
[Source "Chessbase"]
[SourceDate "2011.11.11"]
[SourceVersion "1"]
[SourceVersionDate "2011.11.11"]
[SourceQuality "1"]
[WhiteTeam "South Africa"]
[BlackTeam "US of America"]
[WhiteTeamCountry "RSA"]
[BlackTeamCountry "USA"]

1. Nf3 d5 2. g3 Nf6 3. b3 Bg4 4. Bg2 Bxf3 5. Bxf3 e5 6. Bb2 e4 7. Bg2 Bc5 8. 0-0 Qe7 9. c4 c6 10. a3 Nbd7 11. b4 Bd6 12. cxd5 cxd5 13. Nc3 a6 14. d3 Nb6 15. dxe4 dxe4 16. Qd4 Nbd7 17. Nxe4 Be5 18. Nxf6+ Bxf6 19. Qd2 Ne5 20. Rab1 Rd8 21. Qe3 b5 22. Bxe5 Qxe5 23. Bc6+ Kf8 24. Qb6 Qxe2 25. Qxa6 Bd4 26. Bxb5 Qa2 27. Rbc1 g6 28. Rc7 1-0

[Event "IECC KO-3072"]
[Site "IECC email"]
[Date "2011.01.05"]
[Round "?"]
[White "Urbonas, Mike"]
[Black "Hess, John"]
[Result "0-1"]
[WhiteElo "1645"]
[BlackElo "1693"]
[PlyCount "64"]
[EventDate "2009.??.??"]
[EventType "tourn (corr)"]
[SourceTitle "Telechess CBM 145"]
[Source "Chessbase"]
[SourceDate "2011.11.11"]
[SourceVersion "1"]
[SourceVersionDate "2011.11.11"]
[SourceQuality "1"]
[WhiteTeam "US of America"]
[BlackTeam "South Africa"]
[WhiteTeamCountry "USA"]
[BlackTeamCountry "RSA"]

1. d4 Nf6 2. Nf3 g6 3. e3 Bg7 4. Bd3 c5 5. c3 0-0 6. dxc5 Qc7 7. b4 a5 8. Bb2 axb4 9. cxb4 d6 10. Nc3 dxc5 11. Nb5 Qb6 12. bxc5 Qxc5 13. a3 Nc6 14. Rc1 Qh5 15. Nbd4 Nxd4 16. Bxd4 Qa5+ 17. Ke2 Bg4 18. Bc5 Nd5 19. Qb3 Be6 20. Bb4 Qb6 21. Bc4 Nxb4 22. Bxe6 Qa6+ 23. Bc4 Qxa3 24. Qxa3 Rxa3 25. Rb1 Na2 26. Rxb7 Nc3+ 27. Kd3 Nb5+ 28. Ke2 Nd6 29. Rc7 Rc3 30. Nd2 Rd8 31. Rb1 e6 32. Rb6 Rc2 0-1

[Event "IECC KO-3065"]
[Site "IECC email"]
[Date "2009.04.08"]
[Round "?"]
[White "Hess, John"]
[Black "Jordaan, Wayne"]
[Result "0-1"]
[WhiteElo "1693"]
[BlackElo "1820"]
[PlyCount "96"]
[EventDate "2009.??.??"]
[EventType "match (corr)"]
[EventRounds "2"]
[SourceTitle "Telechess CBM 137"]
[Source "ChessBase"]
[SourceDate "2010.07.15"]
[SourceVersion "1"]
[SourceVersionDate "2010.07.15"]
[SourceQuality "1"]
[WhiteTeam "South Africa"]
[BlackTeam "South Africa"]
[WhiteTeamCountry "RSA"]
[BlackTeamCountry "RSA"]

1. Nf3 Nf6 2. g3 d5 3. b3 Bf5 4. Bb2 e6 5. Bg2 c6 6. 0-0 h6 7. d3 Be7 8. Nbd2 0-0 9. Qe1 Nbd7 10. e4 dxe4 11. dxe4 Bg6 12. a3 Qa5 13. Qe2 Rad8 14. Rfd1 Qh5 15. h3 Qb5 16. c4 Qb6 17. b4 Nh5 18. Kh2 Qc7 19. Rac1 c5 20. b5 a6 21. a4 Ra8 22. Ra1 Rfe8 23. Nb3 axb5 24. cxb5 Nhf6 25. e5 Nd5 26. Rdc1 b6 27. Ne1 Red8 28. f4 Ra7 29. Rc4 Nb8 30. Rac1 Qd7 31. Ra1 Qe8 32. Nc2 Nd7 33. Nd2 Nf8 34. Ne4 Nh7 35. Bh1 f5 36. Nf2 Bh5 37. Bf3 Bxf3 38. Qxf3 g5 39. Ne3 h5 40. Nxd5 exd5 41. Rc2 Qg6 42. Bc1 g4 43. Qg2 Nf8 44. Bd2 Ne6 45. a5 Nd4 46. Rb2 Nf3+ 47. Kh1 d4 48. a6 Qe6 0-1